Sports Quiz

Random Sports Quiz

Arizona Cardinal Free Agents 2017 Quiz Stats

 Plays Quiz not verified by Sporcle

Support Sporcle.
Go Orange.
Score 0/26 Timer 10:00
0 Plays Today
% Correct
Tony Jefferson
91.7%
D.J. Swearinger
91.7%
Calais Campbell
83.3%
Chandler Jones
75%
Kevin Minter
75%
Andre Ellington
75%
Chris Johnson
66.7%
Chandler Catanzaro
58.3%
Jermaine Gresham
58.3%
Frostee Rucker
50%
A.Q. Shipley
50%
Stephan Taylor
50%
Marcus Cooper
50%
% Correct
Taylor Boggs
33.3%
Darren Fells
33.3%
Matt Wile
33.3%
Alex Okafor
25%
Sio Moore
16.7%
Jeremy Ross
16.7%
Earl Watford
16.7%
John Wetzel
16.7%
Mike Jenkins
8.3%
Zaviar Gooden
8.3%
Brian Dixon
8.3%
Olson Pierre
8.3%
Gabe Martin
8.3%

You're not logged in!

Compare scores with friends on all Sporcle quizzes.
OR
Log In

From the Vault

Sporclin' Through the '90s

by kfastic

This quiz is all that and a bag of chips.

You Might Also Like...

Remove Ads.
Support Sporcle.
Get the best of Sporcle when you Go Orange. This ad-free experience offers more features, more stats, and more fun while also helping to support Sporcle. Thank you for becoming a member.

Show Comments

Extras

Created Jan 30, 2017SourceReportNominate
Tags:Arizona Cardinals

Top Quizzes Today


Score Distribution

Your Account Isn't Verified!

In order to create a playlist on Sporcle, you need to verify the email address you used during registration. Go to your Sporcle Settings to finish the process.

Report this User

Report this user for behavior that violates our Community Guidelines.

Details: